[Event "POL-chT 2nd League"]
[Site "Mrzezyno"]
[Date "2011.09.08"]
[Round "6.33"]
[White "Flasinski, Michal"]
[Black "Tobolski, Jakub"]
[Result "1-0"]
[WhiteElo "2235"]
[BlackElo "2099"]
[PlyCount "87"]
[EventDate "2011.09.03"]
[EventType "team-swiss"]
[EventRounds "9"]
[EventCountry "POL"]
[SourceTitle "EXT 2015"]
[Source "ChessBase"]
[SourceDate "2014.11.20"]
[SourceVersion "1"]
[SourceVersionDate "2014.11.20"]
[SourceQuality "1"]
[WhiteTeam "Gliwice Politechnika Slaska"]
[BlackTeam "Rybnik MKSz"]
[WhiteTeamCountry "POL"]
[BlackTeamCountry "POL"]

1. d4 Nf6 2. c4 g6 3. Nc3 Bg7 4. e4 d6 5. Nf3 0-0 6. h3 e5 7. d5 Nh5 8. Nh2 Qe8 9. Be2 Nf4 10. Bf3 f5 11. h4 b5 12. Nxb5 fxe4 13. Bxe4 Na6 14. 0-0 Qe7 15. g3 Nc5 16. Bf3 Nfd3 17. Nc3 Rb8 18. Bg5 Qf7 19. b3 e4 20. Nxe4 Nxe4 21. Bxe4 Bxa1 22. Qxa1 Ne5 23. Bg2 h5 24. Qd4 Bf5 25. Bd2 Bg4 26. Bc3 Kh7 27. f4 Nd7 28. Nxg4 hxg4 29. f5 Ne5 30. Be4 Kg8 31. Rf4 gxf5 32. Bxf5 Qxf5 33. Rxf5 Rxf5 34. Qd1 Nf3+ 35. Kg2 Re8 36. Qd3 Ref8 37. Qe2 Kh7 38. Qe4 Ne5 39. Bxe5 dxe5 40. Qxg4 Rf2+ 41. Kh3 Rxa2 42. Qh5+ Kg8 43. Qg5+ Kf7 44. Qxe5 1-0

[Event "SVK-ch op-A"]
[Site "Banska Stiavnica"]
[Date "2011.07.13"]
[Round "5"]
[White "Tobolski, Jakub"]
[Black "Banas, Jan"]
[Result "0-1"]
[WhiteElo "2082"]
[BlackElo "2320"]
[PlyCount "84"]
[EventDate "2011.07.09"]
[EventType "swiss"]
[EventRounds "9"]
[EventCountry "SVK"]
[SourceTitle "CBM 143 Extra"]
[Source "ChessBase"]
[SourceDate "2011.08.29"]
[SourceVersion "1"]
[SourceVersionDate "2011.08.29"]
[SourceQuality "1"]

1. e4 c5 2. Nf3 d6 3. d4 cxd4 4. Nxd4 Nf6 5. Nc3 Nc6 6. Bg5 e6 7. Qd2 a6 8. Be2 Bd7 9. f4 h6 10. Bh4 Rc8 11. Nf3 Be7 12. Bxf6 gxf6 13. 0-0 Qb6+ 14. Kh1 Qxb2 15. Rab1 Qa3 16. Rb3 Qc5 17. Nd1 Nd8 18. Nd4 e5 19. Nf5 Bxf5 20. Rc3 Qd4 21. Rd3 Qxe4 22. fxe5 Qxe5 23. Re3 Be4 24. Bd3 d5 25. c4 f5 26. cxd5 Bd6 27. Rh3 Qxd5 28. Qe2 Ne6 29. Bxe4 fxe4 30. Ne3 Qb5 31. Qf2 Rf8 32. Nf5 Qe5 33. Qb6 Qxf5 34. Rxf5 Rc1+ 35. Qg1 Rxg1+ 36. Kxg1 Ke7 37. Rxh6 e3 38. Rh3 Rc8 39. Rhf3 Rc1+ 40. Rf1 Rxf1+ 41. Rxf1 e2 42. Rb1 Bc5+ 0-1

[Event "SVK-ch op-A"]
[Site "Banska Stiavnica"]
[Date "2011.07.12"]
[Round "4"]
[White "Skara, Vladimir"]
[Black "Tobolski, Jakub"]
[Result "1-0"]
[WhiteElo "2216"]
[BlackElo "2082"]
[PlyCount "65"]
[EventDate "2011.07.09"]
[EventType "swiss"]
[EventRounds "9"]
[EventCountry "SVK"]
[SourceTitle "CBM 143 Extra"]
[Source "ChessBase"]
[SourceDate "2011.08.29"]
[SourceVersion "1"]
[SourceVersionDate "2011.08.29"]
[SourceQuality "1"]

1. e4 e5 2. Nf3 Nc6 3. Bb5 a6 4. Ba4 Nf6 5. 0-0 Be7 6. Re1 b5 7. Bb3 0-0 8. c3 d5 9. d4 Nxe4 10. Nxe5 Nxe5 11. dxe5 c6 12. Be3 Bf5 13. Nd2 Ng5 14. Nf1 Ne4 15. Bc2 Bg6 16. Bxe4 Bxe4 17. b4 f6 18. f3 Bf5 19. Bd4 fxe5 20. Bxe5 Qd7 21. Qd4 Bg5 22. Re2 a5 23. h4 Bd8 24. Rae1 Qb7 25. bxa5 Bxa5 26. Kh2 Bb6 27. Qd2 Bc5 28. g4 Bd7 29. Bxg7 Rf7 30. Bh6 Bd6+ 31. Kg2 Rf6 32. h5 c5 33. Qg5+ 1-0

[Event "POL-chT 2st League"]
[Site "Mrzezyno"]
[Date "2010.09.07"]
[Round "4.74"]
[White "Krasiewicz, Robert"]
[Black "Tobolski, Jakub"]
[Result "1/2-1/2"]
[WhiteElo "2035"]
[BlackElo "2100"]
[PlyCount "115"]
[EventDate "2010.09.04"]
[EventType "team-swiss"]
[EventRounds "9"]
[EventCountry "POL"]
[SourceTitle "EXT 2019"]
[Source "ChessBase"]
[SourceDate "2018.10.10"]
[SourceVersion "1"]
[SourceVersionDate "2018.10.10"]
[SourceQuality "1"]
[WhiteTeam "Zielonka Zieloni"]
[BlackTeam "Rybnik MKSz"]
[WhiteTeamCountry "POL"]
[BlackTeamCountry "POL"]

1. d4 Nf6 2. c4 d6 3. Nc3 Nbd7 4. Nf3 g6 5. g3 Bg7 6. Bg2 0-0 7. 0-0 e5 8. h3 c6 9. e4 Qc7 10. Be3 h6 11. Qd2 Kh7 12. Rad1 Ne8 13. dxe5 dxe5 14. Nh4 Nb6 15. b3 Qe7 16. f3 f5 17. Qf2 Nd7 18. exf5 gxf5 19. Ne2 Nd6 20. c5 Nb5 21. a4 Nc7 22. Rd6 Nf6 23. f4 e4 24. Nd4 Nfd5 25. Ng6 Qf7 26. g4 Rg8 27. Ne5 Qe7 28. gxf5 Bf6 29. Kh1 Ne8 30. Re6 Bxe6 31. fxe6 Bxe5 32. Bxe4+ Kh8 33. fxe5 Nxe3 34. Qxe3 Qg5 35. Rf7 Rg7 36. Qxg5 hxg5 37. Nf5 Rxf7 38. exf7 Nc7 39. Nd6 Kg7 40. Nxb7 Kxf7 41. Bxc6 Ke6 42. b4 Kxe5 43. b5 Ne6 44. Bd7 Rh8 45. Kg2 Nxc5 46. Nxc5 Kd6 47. Kg3 Rh4 48. a5 Kxc5 49. a6 Rb4 50. Bc6 Kd6 51. Kf3 Ke5 52. Kg3 Kf6 53. Bd7 Rd4 54. Bc6 Rc4 55. Bd5 Ra4 56. Bc6 Kg6 57. Be8+ Kf6 58. Bd7 1/2-1/2

[Event "Rewal op-B 15th"]
[Site "Rewal"]
[Date "2010.08.25"]
[Round "6"]
[White "Tobolski, Jakub"]
[Black "Snihur, Piotr"]
[Result "1-0"]
[WhiteElo "2100"]
[BlackElo "1738"]
[PlyCount "105"]
[EventDate "2010.08.18"]
[EventType "swiss"]
[EventRounds "9"]
[EventCountry "POL"]
[SourceTitle "EXT 2014"]
[Source "ChessBase"]
[SourceDate "2013.11.20"]
[SourceVersion "1"]
[SourceVersionDate "2013.11.20"]
[SourceQuality "1"]

1. e4 c5 2. Nf3 d6 3. d4 cxd4 4. Nxd4 Nf6 5. Nc3 a6 6. Be2 e6 7. 0-0 Be7 8. Be3 0-0 9. a4 Nbd7 10. f4 Qc7 11. Bf3 Rb8 12. Qe2 Nb6 13. Bf2 Nc4 14. b3 Nb6 15. Qe3 Nbd7 16. g4 Ne8 17. Rae1 b6 18. b4 Bb7 19. Bg3 Rc8 20. Nce2 Qc4 21. c3 a5 22. Rb1 Ba8 23. Nb5 d5 24. Na3 Qa2 25. Ra1 Qb3 26. Rfb1 d4 27. Qd3 Qxa4 28. Nb5 Qxa1 29. Rxa1 axb4 30. cxd4 Nd6 31. Ra7 Rfd8 32. f5 Nxb5 33. Qxb5 Bc6 34. Qd3 Bf6 35. fxe6 fxe6 36. Qb3 Nf8 37. Qxb4 b5 38. Bf2 Be8 39. e5 Bg5 40. h4 Bc1 41. Qb1 Bg6 42. Qxb5 Rc2 43. h5 Be8 44. Qb4 Bg5 45. Qb7 Rd7 46. Qa6 Rd2 47. Rxd7 Bxd7 48. Nc3 Rc2 49. Ne4 Be7 50. Nc5 Kf7 51. Nxd7 Nxd7 52. Qb7 Nf8 53. Bh4 1-0

[Event "Rewal op-B 15th"]
[Site "Rewal"]
[Date "2010.08.20"]
[Round "2"]
[White "Tobolski, Jakub"]
[Black "Somyk, Marcin"]
[Result "0-1"]
[WhiteElo "2100"]
[BlackElo "1871"]
[PlyCount "98"]
[EventDate "2010.08.18"]
[EventType "swiss"]
[EventRounds "9"]
[EventCountry "POL"]
[SourceTitle "EXT 2014"]
[Source "ChessBase"]
[SourceDate "2013.11.20"]
[SourceVersion "1"]
[SourceVersionDate "2013.11.20"]
[SourceQuality "1"]

1. e4 c5 2. Nf3 Nc6 3. d4 cxd4 4. Nxd4 Nf6 5. Nc3 d6 6. Be2 e5 7. Nb3 Be7 8. 0-0 0-0 9. f4 a5 10. a4 Be6 11. Kh1 Nb4 12. Be3 exf4 13. Rxf4 d5 14. e5 Nd7 15. Bd4 Rc8 16. Bg4 Rc4 17. Be2 Rc8 18. Bb5 Nc5 19. Nc1 Bg5 20. Rf1 Ne4 21. Nd3 f5 22. Nf4 Qe7 23. Bd3 Bxf4 24. Rxf4 g5 25. Rf1 Kh8 26. Nb5 g4 27. Nd6 Ra8 28. Qc1 Qh4 29. Qf4 Nc6 30. Bg1 Ne7 31. Bxe4 dxe4 32. Nxb7 Nd5 33. Qf2 Qe7 34. Nd6 e3 35. Qe2 f4 36. c4 Nb4 37. Rad1 Nc6 38. Qc2 Qg5 39. Nb5 Qxe5 40. Rd6 Nb4 41. Qc3 Qxc3 42. bxc3 Bxc4 43. Rc1 Nd3 44. Rc2 Rae8 45. Nd4 f3 46. gxf3 gxf3 47. Nxf3 Rxf3 48. Rd4 Bb3 49. Re2 Nf2+ 0-1

[Event "POL-chT U19 41st"]
[Site "Ustron"]
[Date "2010.07.14"]
[Round "9"]
[White "Janczarski, Michal"]
[Black "Tobolski, Jakub"]
[Result "0-1"]
[WhiteElo "2285"]
[BlackElo "2073"]
[PlyCount "194"]
[EventDate "2010.07.06"]
[EventType "team-tourn"]
[EventRounds "9"]
[EventCountry "POL"]
[SourceTitle "EXT 2019"]
[Source "ChessBase"]
[SourceDate "2018.10.10"]
[SourceVersion "1"]
[SourceVersionDate "2018.10.10"]
[SourceQuality "1"]
[WhiteTeam "Warszawa Polonia U19"]
[BlackTeam "Rybnik MKSz U19"]
[WhiteTeamCountry "POL"]
[BlackTeamCountry "POL"]

1. d4 Nf6 2. c4 d6 3. Nc3 Nbd7 4. e4 e5 5. d5 Nc5 6. f3 a5 7. Be3 Be7 8. Qd2 Bd7 9. Nge2 c6 10. Bxc5 dxc5 11. d6 Bf8 12. Qg5 Bxd6 13. Qxg7 Rg8 14. Qh6 Bf8 15. Qe3 Rg6 16. Ng3 Qb6 17. Nf5 0-0-0 18. Qf2 Nh5 19. Rd1 Bxf5 20. Rxd8+ Qxd8 21. exf5 Rd6 22. g3 Qg5 23. f4 exf4 24. Ne4 Qe7 25. Qe2 Rd4 26. Bg2 Qe5 27. 0-0 Nf6 28. gxf4 Rxe4 29. fxe5 Rxe2 30. exf6 Rxb2 31. Bf3 Bd6 32. Rf2 Rxf2 33. Kxf2 Bxh2 34. Bh5 Be5 35. Bxf7 Bxf6 36. a4 b5 37. cxb5 cxb5 38. axb5 a4 39. Kf3 Kc7 40. Kg4 Kb6 41. Bc4 a3 42. Kh5 Bg7 43. Kg5 Ka5 44. f6 Bxf6+ 45. Kxf6 Kb4 46. b6 Kxc4 47. b7 a2 48. Kf7 a1Q 49. b8Q Qf1+ 50. Kg7 Qf5 51. Qb2 Qd3 52. Qa2+ Kd4 53. Qa7 Qc2 54. Kh8 Qf5 55. Qa1+ Kd5 56. Qa8+ Ke5 57. Qa1+ Ke6 58. Qa6+ Kf7 59. Qb7+ Kf6 60. Qf7+ Kg5 61. Qg7+ Kh5 62. Qf7+ Kg4 63. Qc4+ Kg5 64. Qg8+ Kf6 65. Qf8+ Ke6 66. Qc8+ Kf6 67. Qf8+ Kg5 68. Qg7+ Kf4 69. Qh6+ Ke4 70. Qh1+ Ke5 71. Qa1+ Kd6 72. Qa6+ Kc7 73. Qa7+ Kc6 74. Qa6+ Kd5 75. Qa8+ Kd4 76. Qa1+ Ke4 77. Qb1+ Ke5 78. Qb8+ Kd4 79. Qb2+ Kc4 80. Qa2+ Kb5 81. Qb3+ Ka5 82. Qa2+ Kb6 83. Qb3+ Kc7 84. Qg3+ Kd7 85. Qg7+ Kd8 86. Qg8+ Kc7 87. Qg3+ Kd7 88. Qg7+ Ke6 89. Qg8+ Ke5 90. Qb8+ Kf6 91. Qf8+ Kg5 92. Qg7+ Kf4 93. Qh6+ Qg5 94. Qh2+ Kf5 95. Qxh7+ Kf6 96. Qd7 Qe5 97. Kg8 Qe6+ 0-1

[Event "POL-chT U19 41st"]
[Site "Ustron"]
[Date "2010.07.13"]
[Round "8"]
[White "Tobolski, Jakub"]
[Black "Bebel, Arkadiusz"]
[Result "0-1"]
[WhiteElo "2073"]
[BlackElo "2247"]
[PlyCount "58"]
[EventDate "2010.07.06"]
[EventType "team-tourn"]
[EventRounds "9"]
[EventCountry "POL"]
[SourceTitle "EXT 2019"]
[Source "ChessBase"]
[SourceDate "2018.10.10"]
[SourceVersion "1"]
[SourceVersionDate "2018.10.10"]
[SourceQuality "1"]
[WhiteTeam "Rybnik MKSz U19"]
[BlackTeam "Wroclaw Polonia U19"]
[WhiteTeamCountry "POL"]
[BlackTeamCountry "POL"]

1. e4 e6 2. Nf3 d5 3. d4 c5 4. b4 cxb4 5. a3 Nc6 6. axb4 Bxb4+ 7. c3 Be7 8. e5 Nh6 9. Na3 a6 10. h4 Bd7 11. Bd3 b5 12. Rh3 b4 13. Rg3 Bf8 14. Nc2 a5 15. Ng5 g6 16. h5 Nf5 17. Rf3 b3 18. g4 bxc2 19. Bxc2 Be7 20. gxf5 Bxg5 21. fxg6 hxg6 22. Qd3 Bxc1 23. Rxc1 Qg5 24. Rb1 Rxh5 25. Ke2 Qg4 26. Kd2 Rb8 27. Ba4 Rxb1 28. Qxb1 Qxf3 29. Bxc6 Qxf2+ 0-1

[Event "POL-chT U19 41st"]
[Site "Ustron"]
[Date "2010.07.09"]
[Round "4"]
[White "Tobolski, Jakub"]
[Black "Weichhold, Pawel"]
[Result "1/2-1/2"]
[WhiteElo "2073"]
[BlackElo "2190"]
[PlyCount "154"]
[EventDate "2010.07.06"]
[EventType "team-tourn"]
[EventRounds "9"]
[EventCountry "POL"]
[SourceTitle "EXT 2019"]
[Source "ChessBase"]
[SourceDate "2018.10.10"]
[SourceVersion "1"]
[SourceVersionDate "2018.10.10"]
[SourceQuality "1"]
[WhiteTeam "Rybnik MKSz U19"]
[BlackTeam "Koszalin Hetman Politechnika U19"]
[WhiteTeamCountry "POL"]
[BlackTeamCountry "POL"]

1. e4 c5 2. Nf3 d6 3. d4 cxd4 4. Nxd4 Nf6 5. Nc3 g6 6. Bc4 Bg7 7. 0-0 0-0 8. Re1 Nc6 9. Bb3 Qa5 10. h3 Bd7 11. Be3 Rfe8 12. f4 a6 13. Nd5 Nxd5 14. exd5 Nxd4 15. Bxd4 Bxd4+ 16. Qxd4 Rac8 17. Re3 Qc5 18. Qxc5 dxc5 19. c3 c4 20. Bc2 e6 21. dxe6 Bxe6 22. Rd1 Red8 23. Ree1 Rxd1 24. Rxd1 Rc5 25. Be4 Rb5 26. Rd2 Kg7 27. Kf2 h6 28. g4 h5 29. Kg3 hxg4 30. hxg4 b6 31. Bc6 Rc5 32. Rd6 Bc8 33. Be8 Kf8 34. Ba4 b5 35. Bc2 Ke7 36. Rd4 g5 37. Be4 gxf4+ 38. Kxf4 f6 39. Rd2 Rg5 40. Bf3 Be6 41. Rh2 Rg7 42. Rh8 Bg8 43. Bb7 Be6 44. Bf3 Bg8 45. Rh5 Be6 46. Rc5 Rg8 47. Rc7+ Kd6 48. Rc6+ Ke7 49. Rxa6 Rh8 50. Ra7+ Kd6 51. Ra6+ Ke7 52. Rb6 Bd7 53. Kg3 Rg8 54. Rb7 Kd6 55. Kf4 Rh8 56. b3 cxb3 57. axb3 Rc8 58. Be2 Rxc3 59. Bxb5 Be6 60. Rb6+ Ke7 61. b4 Bd5 62. Be2 Rc2 63. Rb5 Kd6 64. Bf3 Rc4+ 65. Kg3 Bxf3 66. Kxf3 Ke6 67. Rb8 Rc3+ 68. Kf4 Rc4+ 69. Kg3 Rc3+ 70. Kh4 Kf7 71. b5 Rb3 72. b6 Kg6 73. Rg8+ Kh7 74. Rb8 Kg6 75. b7 Kg7 76. g5 fxg5+ 77. Kxg5 Rb1 1/2-1/2

[Event "POL-ch U18"]
[Site "Karpacz"]
[Date "2010.03.14"]
[Round "11"]
[White "Tobolski, Jakub"]
[Black "Kowalczyk, Rafal"]
[Result "1-0"]
[WhiteElo "2088"]
[BlackElo "2023"]
[PlyCount "89"]
[EventDate "2010.03.06"]
[EventType "swiss"]
[EventRounds "11"]
[EventCountry "POL"]
[SourceTitle "CBM 135 Extra"]
[Source "ChessBase"]
[SourceDate "2010.05.04"]
[SourceVersion "1"]
[SourceVersionDate "2010.05.04"]
[SourceQuality "1"]

1. e4 e5 2. Nf3 Nc6 3. Bc4 Nf6 4. d4 exd4 5. e5 d5 6. Bb5 Ne4 7. Nxd4 Bd7 8. Bxc6 bxc6 9. 0-0 Bc5 10. Be3 0-0 11. f3 Ng5 12. f4 Ne4 13. Nd2 Nxd2 14. Qxd2 Qe7 15. Qf2 Bb6 16. c3 f6 17. exf6 Qxf6 18. Nb3 Rae8 19. Nc5 Rf7 20. Bd4 Bxc5 21. Bxc5 Re4 22. Bxa7 Rxf4 23. Qxf4 Qxf4 24. Rxf4 Rxf4 25. a4 Bc8 26. Rf1 Re4 27. Bc5 Re8 28. Rf3 Ba6 29. Re3 Kf7 30. Kf2 Re6 31. Rf3+ Kg6 32. Be3 Re8 33. g4 Bc4 34. b4 h6 35. Rf4 Kh7 36. h4 Kg8 37. a5 Re5 38. h5 Bd3 39. Bc5 Re8 40. Kg3 Be2 41. Bf2 Bb5 42. Rf3 g6 43. Re3 Rc8 44. hxg6 Kg7 45. Re6 1-0

[Event "POL-ch U18"]
[Site "Karpacz"]
[Date "2010.03.13"]
[Round "10"]
[White "Klim, Kamil"]
[Black "Tobolski, Jakub"]
[Result "1-0"]
[WhiteElo "2247"]
[BlackElo "2088"]
[PlyCount "83"]
[EventDate "2010.03.06"]
[EventType "swiss"]
[EventRounds "11"]
[EventCountry "POL"]
[SourceTitle "CBM 135 Extra"]
[Source "ChessBase"]
[SourceDate "2010.05.04"]
[SourceVersion "1"]
[SourceVersionDate "2010.05.04"]
[SourceQuality "1"]

1. d4 Nf6 2. c4 d6 3. Nc3 Nbd7 4. e4 e5 5. Nf3 g6 6. Be2 Bg7 7. 0-0 0-0 8. Re1 c6 9. Bf1 exd4 10. Nxd4 Ng4 11. Qxg4 Bxd4 12. Qd1 Qf6 13. Be3 Bxe3 14. Rxe3 Ne5 15. Qd2 Be6 16. b3 Rad8 17. Rd1 h5 18. Ree1 g5 19. Ne2 Bg4 20. Qe3 h4 21. h3 Bh5 22. Rd2 Ng6 23. Qxa7 g4 24. hxg4 Bxg4 25. Qe3 h3 26. Ng3 Nf4 27. f3 h2+ 28. Kh1 Bc8 29. Nf5 Ng6 30. Qd4 Ne5 31. f4 Bxf5 32. exf5 Qh4 33. g3 Qh5 34. fxe5 dxe5 35. Qe3 Rxd2 36. Qxd2 Qxf5 37. Bg2 f6 38. Qh6 Rd8 39. Rf1 Qg4 40. Qxf6 Qd4 41. Qg6+ Kh8 42. Be4 1-0

[Event "POL-ch U18"]
[Site "Karpacz"]
[Date "2010.03.12"]
[Round "9"]
[White "Tobolski, Jakub"]
[Black "Sabuk, Piotr"]
[Result "0-1"]
[WhiteElo "2088"]
[BlackElo "2205"]
[PlyCount "74"]
[EventDate "2010.03.06"]
[EventType "swiss"]
[EventRounds "11"]
[EventCountry "POL"]
[SourceTitle "CBM 135 Extra"]
[Source "ChessBase"]
[SourceDate "2010.05.04"]
[SourceVersion "1"]
[SourceVersionDate "2010.05.04"]
[SourceQuality "1"]

1. e4 e5 2. Nf3 Nc6 3. Bc4 Nf6 4. d3 Be7 5. 0-0 0-0 6. Re1 d6 7. a4 Kh8 8. c3 Ng8 9. h3 f5 10. exf5 Bxf5 11. Nbd2 Na5 12. Bxg8 Kxg8 13. Ne4 Be6 14. Nfg5 Bb3 15. Qe2 Qd7 16. c4 Bxa4 17. Rxa4 Qxa4 18. Qh5 Bxg5 19. Nxg5 h6 20. Ne6 Qd7 21. Nxf8 Rxf8 22. Re4 Qf5 23. Qh4 Qf6 24. Qg3 Nc6 25. Be3 Kh7 26. h4 Rf7 27. Rg4 Qf5 28. f3 Qxd3 29. Re4 Ne7 30. Qg4 Nf5 31. Bf2 Qb1+ 32. Re1 Qxb2 33. Qe4 Kg8 34. g4 Nd4 35. Re3 c6 36. Kg2 Qc2 37. Rd3 Rxf3 0-1

[Event "POL-ch U18"]
[Site "Karpacz"]
[Date "2010.03.11"]
[Round "8"]
[White "Koziej, Maciej"]
[Black "Tobolski, Jakub"]
[Result "0-1"]
[WhiteElo "2010"]
[BlackElo "2088"]
[PlyCount "62"]
[EventDate "2010.03.06"]
[EventType "swiss"]
[EventRounds "11"]
[EventCountry "POL"]
[SourceTitle "CBM 135 Extra"]
[Source "ChessBase"]
[SourceDate "2010.05.04"]
[SourceVersion "1"]
[SourceVersionDate "2010.05.04"]
[SourceQuality "1"]

1. e4 e5 2. Nf3 Nc6 3. Bc4 Nf6 4. Qe2 Be7 5. c3 d6 6. Bb3 Bg4 7. h3 Be6 8. d3 Na5 9. Bc2 c5 10. Nbd2 Qc7 11. b3 d5 12. Bb2 d4 13. c4 Nd7 14. 0-0-0 Nc6 15. Nf1 Rb8 16. Ng3 g6 17. Rd2 b5 18. Bd1 Qa5 19. a3 Qa6 20. h4 Bg4 21. Qf1 h5 22. Ng5 bxc4 23. dxc4 Na5 24. f3 Bxg5 25. hxg5 Be6 26. Rd3 Ke7 27. f4 Bxc4 28. bxc4 Qxc4+ 29. Bc2 Qa2 30. fxe5 Rxb2 31. Qf2 Nc4 0-1

[Event "POL-chT4 Slaskie"]
[Site "Poland"]
[Date "2008.04.13"]
[Round "6.8"]
[White "Kobylecki, Grzegorz"]
[Black "Tobolski, Jakub"]
[Result "1/2-1/2"]
[WhiteElo "2114"]
[BlackElo "2006"]
[PlyCount "30"]
[EventDate "2008.02.10"]
[EventType "team-swiss"]
[EventRounds "9"]
[EventCountry "POL"]
[SourceTitle "EXT 2019"]
[Source "ChessBase"]
[SourceDate "2018.10.10"]
[SourceVersion "1"]
[SourceVersionDate "2018.10.10"]
[SourceQuality "1"]

1. e4 e5 2. Nf3 Nc6 3. Bb5 a6 4. Ba4 Nf6 5. 0-0 Be7 6. Re1 b5 7. Bb3 0-0 8. c3 d5 9. exd5 Nxd5 10. d4 exd4 11. Nxd4 Nxd4 12. Qxd4 c6 13. Nd2 Bf6 14. Qd3 Nf4 15. Qxd8 Bxd8 1/2-1/2

[Event "POL-ch U16"]
[Site "Leba"]
[Date "2008.04.04"]
[Round "9"]
[White "Wesolowski, Edgar"]
[Black "Tobolski, Jakub"]
[Result "0-1"]
[WhiteElo "1890"]
[BlackElo "2006"]
[PlyCount "92"]
[EventDate "2008.03.29"]
[EventType "swiss"]
[EventRounds "11"]
[EventCountry "POL"]
[SourceTitle "CBM 123 Extra"]
[Source "ChessBase"]
[SourceDate "2008.05.06"]
[SourceVersion "1"]
[SourceVersionDate "2008.05.06"]
[SourceQuality "1"]

1. c4 Nf6 2. d4 g6 3. g3 Bg7 4. Bg2 d6 5. Nf3 0-0 6. 0-0 Nbd7 7. Nc3 e5 8. e4 c6 9. h3 Re8 10. Be3 exd4 11. Nxd4 Nc5 12. Qc2 a5 13. Rad1 Qe7 14. Rfe1 Bd7 15. Bf4 Nh5 16. Nxc6 Bxc6 17. Bxd6 Qe6 18. Bxc5 Qxc4 19. Be3 Rac8 20. Qd3 Qb4 21. Re2 Nf6 22. a3 Qb3 23. Nd5 Qxd3 24. Rxd3 Bb5 25. Nxf6+ Bxf6 26. Rdd2 Rc1+ 27. Kh2 Bxe2 28. Rxe2 Rb1 29. f4 Bxb2 30. a4 Bg7 31. e5 Rc8 32. Bd5 Rd8 33. e6 fxe6 34. Bxe6+ Kh8 35. Bc5 Rb2 36. Rxb2 Bxb2 37. Bg4 Rd2+ 38. Kh1 Bd4 39. Be7 Bg7 40. Bc8 Rd4 41. Kg2 b6 42. Kf3 Rxa4 43. Bd7 Ra1 44. g4 Bc3 45. f5 Kg7 46. Bd8 Rd1 0-1

[Event "Raciborz op"]
[Site "Raciborz"]
[Date "2008.01.18"]
[Round "8"]
[White "Helis, Tadeusz"]
[Black "Tobolski, Jakub"]
[Result "0-1"]
[WhiteElo "2336"]
[BlackElo "2037"]
[PlyCount "84"]
[EventDate "2008.01.12"]
[EventType "swiss"]
[EventRounds "9"]
[EventCountry "POL"]
[SourceTitle "EXT 2010"]
[Source "ChessBase"]
[SourceDate "2010.11.25"]
[SourceVersion "1"]
[SourceVersionDate "2010.11.25"]
[SourceQuality "1"]

1. Nf3 Nf6 2. d4 g6 3. c4 Bg7 4. Nc3 d6 5. Bg5 Nbd7 6. e3 0-0 7. Qc2 c5 8. Be2 a6 9. 0-0 Qa5 10. Bh4 Re8 11. a3 Qc7 12. Rac1 b6 13. b4 Bb7 14. Rfd1 e5 15. bxc5 bxc5 16. d5 h6 17. Nd2 Nh7 18. e4 Rf8 19. Bd3 Ndf6 20. Bxf6 Nxf6 21. Nf1 Nh5 22. g3 Qe7 23. Be2 Nf6 24. Rb1 Bc8 25. Ne3 Nh7 26. Qa4 f5 27. Qc6 Ra7 28. Rb6 f4 29. Nf1 Rd8 30. Rb8 Rc7 31. Qb6 Ng5 32. Rd3 Rf8 33. f3 h5 34. Nd1 fxg3 35. hxg3 h4 36. g4 Nh3+ 37. Kg2 Nf4+ 38. Kf2 h3 39. Rd2 Qh4+ 40. Ng3 h2 41. Qxc7 h1Q 42. Rxc8 Qxg3+ 0-1

[Event "Raciborz op"]
[Site "Raciborz"]
[Date "2008.01.18"]
[Round "9"]
[White "Tobolski, Jakub"]
[Black "Krzyzanowski, Marcin"]
[Result "1/2-1/2"]
[WhiteElo "2037"]
[BlackElo "2190"]
[PlyCount "26"]
[EventDate "2008.01.12"]
[EventType "swiss"]
[EventRounds "9"]
[EventCountry "POL"]
[SourceTitle "EXT 2010"]
[Source "ChessBase"]
[SourceDate "2010.11.25"]
[SourceVersion "1"]
[SourceVersionDate "2010.11.25"]
[SourceQuality "1"]

1. e4 c5 2. Nf3 d6 3. d4 cxd4 4. Nxd4 Nf6 5. Nc3 a6 6. Be2 e5 7. Nb3 Be7 8. 0-0 0-0 9. Kh1 Nc6 10. f4 b5 11. Be3 Bb7 12. a3 Rc8 13. Qe1 Qc7 1/2-1/2

[Event "Raciborz op"]
[Site "Raciborz"]
[Date "2008.01.13"]
[Round "3"]
[White "Tobolski, Jakub"]
[Black "Wieczorek, Zbigniew"]
[Result "0-1"]
[WhiteElo "2037"]
[BlackElo "2319"]
[PlyCount "50"]
[EventDate "2008.01.12"]
[EventType "swiss"]
[EventRounds "9"]
[EventCountry "POL"]
[SourceTitle "EXT 2010"]
[Source "ChessBase"]
[SourceDate "2010.11.25"]
[SourceVersion "1"]
[SourceVersionDate "2010.11.25"]
[SourceQuality "1"]

1. e4 g6 2. d4 Bg7 3. Nf3 d6 4. c3 Nf6 5. Bd3 0-0 6. 0-0 Nc6 7. Re1 e5 8. h3 Nh5 9. dxe5 dxe5 10. Bg5 Bf6 11. Be3 Qe7 12. Nbd2 b6 13. Qc2 Kh8 14. b4 g5 15. Nh2 Nf4 16. Bf1 Rg8 17. Qd1 Be6 18. Ng4 Rg7 19. g3 h5 20. Nxf6 Qxf6 21. Kh2 Rd8 22. gxf4 gxf4 23. Qxh5+ Rh7 24. Qe2 Bxh3 25. Bxh3 Rxh3+ 0-1